Statistiques concernant LISTES DES SERIES TELES "AB PRODUCTION"

Cliquez ici pour prendre le quiz!

Statistiques générales

  • Ce quiz a été pris 57 fois
  • Le résultat moyen est 7 sur 33

Statistiques - réponses

CLASSEMENT REPONSES % Correct
1HELENE ET LES GARCONS
98%
11LE MIEL ET LES ABEILLES
89%
2PREMIERS BAISERS
72%
9LES VACANCES DE L AMOUR
70%
5LES FILLES D A COTE
60%
6SALUT LES MUSCLES
58%
8LE MIRACLE DE L AMOUR
40%
3LES ANNEES FAC
40%
4LA PHILO SELON PHILIPPE
34%
26LES NOUVELLES FILLES D A COTE
26%
31PAS DE PITIE POUR LES CROISSANTS
23%
12LE COLLEGE DES COEURS BRISES
21%
7LA CROISIERE FOL AMOUR
21%
13LES GARCONS DE LA PLAGE
11%
28L UN CONTRE L AUTRE
8%
25L ECOLE DES PASSIONS
8%
14POUR ETRE LIBRE
8%
27STUDIO DES ARTISTES
6%
24UN HOMME A DOMICILE
6%
30MAROTTE ET CHARLIE
6%
2966 CHUMP AVENUE
4%
15ELISA UN ROMAN PHOTO
4%
33LES AVENTURES DE DOROTHEE
4%
32FAMILLE FOU RIRE
4%
22EXTRA ZIGDA
4%
10LES MYSTERE DE L AMOUR
2%
19ISLAND DETECTIVES
2%
21SUR LA VIE D MA MERE
2%
17LE MANEGE ENCHANTE
0%
16CAS DE DIVORCE
0%
18SOPHIE ET VIRGINIE
0%
20CONAN L AVENTURIER
0%
23LE MAITRE DES BOTS
0%

Distribution des résultats

Percentile by Number Answered

% des personnes avec chaque résultat

Votre développement - résultats

Vous n’avez pas pris ce quiz